Top 50 Defensive Players Madden 24 (Overalls) - Statistics

General Stats
  • This quiz has been taken 40 times
    38 since last reset
  • The average score is 31 of 50
Answer Stats
Team Position Overall Player % Correct
Rams RE 99 Aaron Donald
100%
Cowboys RE 98 Micah Parsons
100%
Browns RE 98 Myles Garret
93%
Chiefs DT 97 Chris Jones
90%
Dolphins CB 97 Jalen Ramsey
90%
Raiders LE 97 Maxx Crosby
83%
49ers LE 97 Nick Bosa
80%
Broncos CB 95 Patrick Surtain II
80%
Jets DT 94 Quinnen Williams
80%
Ravens MLB 95 Roquan Smith
80%
Steelers LOLB 97 T.J. Watt
80%
Giants DT 95 Dexter Lawrence II
77%
Steelers FS 93 Minkah Fitzpatrick
77%
Jets CB 96 Sauce Gardner
77%
Cardinals SS 90 Budda Baker
73%
49ers MLB 96 Fred Warner
73%
Packers CB 93 Jaire Alexander
73%
Cowboys LE 92 Demarcus Lawrence
70%
Saints MLB 92 Demario Davis
70%
Steelers RE 91 Cameron Heyward
67%
Chargers SS 91 Derwin James Jr.
67%
Eagles CB 91 Darius Slay Jr.
63%
Ravens CB 91 Marlon Humphrey
63%
Lions RE 88 Aidan Hutchinson
60%
Seahawks MLB 88 Bobby Wagner
60%
49ers CB 91 Charvarius Ward
60%
Browns CB 90 Denzel Ward
60%
Commanders DT 89 Jonathan Allen
60%
Jaguars ROLB 91 Josh Allen
60%
Chargers ROLB 90 Khalil Mack
57%
Buccaneers MLB 90 Lavonte David
53%
Saints CB 91 Marshon Lattimore
53%
Cowboys CB 89 Trevon Diggs
53%
Bengals RE 89 Trey Hendrickson
53%
Buccaneers DT 90 Vita Vea
53%
Buccaneers FS 92 Antoine Winfield Jr.
50%
Broncos FS 90 Justin Simmons
50%
Chiefs CB 89 Trent McDuffie
50%
Chiefs CB 90 L'Jarius Sneed
47%
Bills CB 90 Tre'Davious White
47%
Saints FS 91 Tyran Mathieu
47%
Falcons CB 89 A.J. Terrel Jr.
43%
Raiders FS 97 Jessie Bates III
43%
Eagles FS 90 Kevin Byard III
43%
49ers SS 90 Talanoa Hufanga
43%
Vikings LOLB 89 Danielle Hunter
40%
Steelers ROLB 88 Alex Highsmith
30%
Panthers RE 89 Derrick Brown
30%
Patriots LOLB 89 Matthew Judon
30%
Jaguars MLB 89 Foyesade Oluokun
13%
No matching quizzes found
Score Distribution
Percent of People with Each Score
Percentile by Number Answered
Your Score History
You have not taken this quiz since the last reset